000 01309cam a22002771i 4500
003 SA-RiAUC
005 20251109072808.0
008 251028s1976 su g 00000 ara c
040 _aSA-RiKAPL
_bara
_cSA-RiAUC
_erda
082 0 4 _a216
_qSA-RiAUC
090 _a216
_bا ب ن ق
100 1 _aابن قيم الجوزية، محمد بن أبي بكر بن أيوب،
_d691-751 هجري
_eمؤلف.
245 1 0 _aكتاب هداية الحيارى في أجوبة اليهود والنصارى /
_cتأليف شمس الدين محمد بن أبي بكر بن قيم الجوزية.
246 3 0 _aهداية الحيارى في أجوبة اليهود والنصارى
264 1 _aالمدينة المنورة :
_bمؤسسة مكة للطباعة والإعلام،
_c1976
300 _a193 صفحة ؛
_c28 سم.
336 _aنص
_btxt
_2rdacontent
_3كتاب
337 _aبدون وسيط
_bn
_2rdamedia
338 _aمجلد
_bnc
_2rdacarrier
490 0 _aمن مطبوعات الجامعة الإسلامية بالمدينة المنورة ؛
_v2
650 7 _aالإسلام
_xدفع مطاعن
_2aucsh
650 7 _aالإسلام والمسيحية
_2aucsh
650 7 _aالإسلام واليهودية
_2aucsh
942 _2ddc
_cBOOK
_n0
949 _aSA-JeALM
_d251028
_umohamedma123
_n1
999 _c13074
_d13074